000
00358nam a22001577a 4500
003
MPLRDC
005
20220104123734.0
008
210129b ||||| |||| 00| 0 eng d
082
_a
420 CXL
100
_a
陈秀玲编著
245
_a
生活常识小百科
_c
260
_a
_b
真善美出版社
_c
300
_b
平
650
_a
942
_c
BK
_o
420 CXL
999
_c
13810
_d
13800